| 000 | 00442nam a2200169Ia 4500 | ||
|---|---|---|---|
| 003 | GCL | ||
| 008 | 140319s9999 xx 000 0 eng d | ||
| 040 |
_aGCL / _cGCL |
||
| 082 | 0 | 4 |
_a910.3 _bM D |
| 100 | 1 | _aMAYHEW, SUSAN | |
| 245 | 1 | 0 |
_aA DICTIONARY OF GEOGRAPHY / _cMAYHEW, SUSAN |
| 260 |
_a[S.N] : _bOXFORD UNIVERSITY PRESS ، _c1997 |
||
| 300 | _a460 P | ||
| 650 | 0 | 4 | _aGEOGRAPHY |
| 650 | 0 | 4 | _aGEOGRAPHY - DICTIONARIES |
| 942 |
_2ddc _cBK |
||
| 999 |
_c15939 _d15939 |
||